MARC details
| 000 -LÍDER |
| campo de controle de tamanho fixo |
01563nam a2200301 4500 |
| 001 - NÚMERO DE CONTROLE |
| campo de controle |
413 |
| 003 - IDENTIFICADOR DO NÚMERO DE CONTROLE |
| campo de controle |
OSt |
| 005 - DATA E HORÁRIO DA ÚLTIMA TRANSAÇÃO |
| campo de controle |
20250528074019.0 |
| 008 - CAMPO DE DADOS FIXOS--INFORMAÇÃO GERAL |
| campo de controle de tamanho fixo |
250516b |||||||g |||| 00| 1 eng d |
| 020 ## - ISBN - INTERNATIONAL STANDARD BOOK NUMBER |
| ISBN - International Standard Book Number |
9788501117373 |
| 040 ## - FONTE DA CATALOGAÇÃO |
| Idioma da catalogação |
por |
| 041 ## - CÓDIGO DE IDIOMA |
| Código do idioma do original e/ou traduções intermediárias do texto |
eng |
| Código do idioma do texto/trilha sonora ou título diferente |
por |
| 082 ## - CDD - CLASSIFICAÇÃO DECIMAL DE DEWEY |
| Número de Classificação |
920 |
| Número do exemplar |
O18e |
| 100 ## - ENTRADA PRINCIPAL--NOME PESSOAL |
| Nome pessoal |
O'connell ryan |
| Datas associadas ao nome |
1986- |
| 9 (RLIN) |
897 |
| 240 ## - TÍTULO UNIFORME |
| Título uniforme |
Special |
| 245 ## - TÍTULO |
| Título |
Especial / |
| Indicação de responsabilidade, etc. |
O'Connell, Ryan; Tradução de Adriana Fidalgo |
| 260 ## - PUBLICAÇÃO, DISTRIBUIÇÃO, ETC. |
| Local de publicação, distribuição, etc. |
Rio de Janeiro |
| Nome do editor, distribuidor, etc. |
Galera |
| Data da publicação, distribuição, etc. |
2019 |
| 300 ## - DESCRIÇÃO FÍSICA |
| Extensão |
225 p. |
| 520 ## - NOTA DE RESUMO, ETC. |
| Resumo, etc. |
O livro que deu origem à série Special, da Netflix.<br/><br/>Como se os desafios de ser um jovem gay com paralisia cerebral não fossem o bastante, Ryan O’Connell viveu todos os clichês de um Millennial. Ele passou a segunda década de sua vida estagiando para divas delirantes, engolindo todos os remédios que conseguia encontrar pelo caminho e tentando achar o amor verdadeiro — coff coff — no Grindr. Mas depois de tanta tentativa e erro, Ryan pode dizer, com propriedade, que mancou elegantemente todo o caminho para a vida adulta. Especial, seu (hilário) relato autobiográfico, é uma reflexão sobre o mundo cruel que espera jovens de vinte e poucos anos superprotegidos pelos pais e uma lição de como encontrar a si mesmo em meio às disputas por likes e seguidores. |
| 650 #0 - ASSUNTO--TERMO TÓPICO |
| Cabeçalho tópico ou nome geográfico |
Literatura australiana |
| 9 (RLIN) |
219 |
| 650 #0 - ASSUNTO--TERMO TÓPICO |
| Cabeçalho tópico ou nome geográfico |
LGBT |
| 9 (RLIN) |
50 |
| 650 #0 - ASSUNTO--TERMO TÓPICO |
| Cabeçalho tópico ou nome geográfico |
Autobiografia |
| 9 (RLIN) |
887 |
| 650 #0 - ASSUNTO--TERMO TÓPICO |
| Cabeçalho tópico ou nome geográfico |
Em busca do amor verdadeiro |
| 9 (RLIN) |
888 |
| 655 #0 - TERMO DE ÍNDICE--GÊNERO E FORMA |
| Gênero/forma/ou termo foco |
Biografia |
| 655 #0 - TERMO DE ÍNDICE--GÊNERO E FORMA |
| Gênero/forma/ou termo foco |
Ficção |
| 700 ## - ENTRADA ADICIONADA - NOME PESSOAL |
| Nome pessoal |
Adriana Fidalgo |
| Função do autor por extenso |
TRADUTORA |
| 9 (RLIN) |
889 |
| 942 ## - ELEMENTOS DE ENTRADA ADICIONADOS (KOHA) |
| Fonte de classificação ou esquema de arquivamento |
Classificação decimal de Dewey |
| Ocultar no OPAC |
Não |
| Tipo de material Koha |
Livros |